<?xml version="1.0" encoding="UTF-8"?><?xml-stylesheet type="text/xsl" href="static/style.xsl"?><OAI-PMH xmlns="http://www.openarchives.org/OAI/2.0/" xmlns:xsi="http://www.w3.org/2001/XMLSchema-instance" xsi:schemaLocation="http://www.openarchives.org/OAI/2.0/ http://www.openarchives.org/OAI/2.0/OAI-PMH.xsd"><responseDate>2026-04-27T07:39:35Z</responseDate><request verb="GetRecord" identifier="oai:uvadoc.uva.es:10324/41796" metadataPrefix="marc">https://uvadoc.uva.es/oai/request</request><GetRecord><record><header><identifier>oai:uvadoc.uva.es:10324/41796</identifier><datestamp>2025-01-17T08:56:56Z</datestamp><setSpec>com_10324_1143</setSpec><setSpec>com_10324_931</setSpec><setSpec>com_10324_894</setSpec><setSpec>col_10324_1251</setSpec></header><metadata><record xmlns="http://www.loc.gov/MARC21/slim" xmlns:doc="http://www.lyncode.com/xoai" xmlns:xsi="http://www.w3.org/2001/XMLSchema-instance" xmlns:dcterms="http://purl.org/dc/terms/" xsi:schemaLocation="http://www.loc.gov/MARC21/slim http://www.loc.gov/standards/marcxml/schema/MARC21slim.xsd">
<leader>00925njm 22002777a 4500</leader>
<datafield tag="042" ind1=" " ind2=" ">
<subfield code="a">dc</subfield>
</datafield>
<datafield tag="720" ind1=" " ind2=" ">
<subfield code="a">Álvarez Ramos, Eva</subfield>
<subfield code="e">author</subfield>
</datafield>
<datafield tag="720" ind1=" " ind2=" ">
<subfield code="a">Morán Rodríguez, Carmen</subfield>
<subfield code="e">author</subfield>
</datafield>
<datafield tag="260" ind1=" " ind2=" ">
<subfield code="c">2016</subfield>
</datafield>
<datafield tag="520" ind1=" " ind2=" ">
<subfield code="a">La enseñanza de la Literatura Española en los dos cursos que componen Bachillerato. En los años previos al acceso universitario, los programas se concentran con contenidos y lecturas obligatorias, que llevan al alumnado a realizar un proceso de aprendizaje cercano a la robotización y el mecanicismo. La vorágine del sistema educativo deriva en aprendientes saturados de conceptos, que terminan odiando la lectura y en docentes apurados por la consecución de un programa docente tantas veces utópico. El acceso al texto literario, con la adaptación cinematográfica correspondiente, conlleva desde una perspectiva teórico-práctica un recurso motivador, que alivia las clases de tanto contenido teórico y, lo más importante, abre las puertas al alumno a la lectura libre y lúdica de las obras estudiadas.</subfield>
</datafield>
<datafield tag="024" ind2=" " ind1="8">
<subfield code="a">Gómez Galán, José; López Meneses, Eloy y Molina García, Laura (Eds.). Instructional strategies in teacher training. Puerto Rico: Universidad Metropolitana, UMET Press,  2016, págs. 492-500</subfield>
</datafield>
<datafield tag="024" ind2=" " ind1="8">
<subfield code="a">978-1-943697-08-3</subfield>
</datafield>
<datafield tag="024" ind2=" " ind1="8">
<subfield code="a">http://uvadoc.uva.es/handle/10324/41796</subfield>
</datafield>
<datafield tag="024" ind2=" " ind1="8">
<subfield code="a">492</subfield>
</datafield>
<datafield tag="024" ind2=" " ind1="8">
<subfield code="a">500</subfield>
</datafield>
<datafield tag="024" ind2=" " ind1="8">
<subfield code="a">Instructional strategies in teacher training</subfield>
</datafield>
<datafield tag="245" ind1="0" ind2="0">
<subfield code="a">El cine y la literatura en el ámbito de la educación: Principios metodológicos y sugerencias didácticas para el aula de bachillerato.</subfield>
</datafield>
</record></metadata></record></GetRecord></OAI-PMH>